| 000 | 01649cad a22002415a 4500 | ||
|---|---|---|---|
| 001 | L151285 | ||
| 008 | 101116s20101116xxkd f s f000 0 eng d | ||
| 035 | _a(Sirsi) u151543 | ||
| 041 | 0 | _aeng | |
| 050 | 0 | 4 | _a333.33 $2 18 |
| 110 | 1 |
_aUnited Kingdom _bDepartment for Communities and Local Government _94939 |
|
| 245 | 0 | 0 |
_aHouse price index _bSeptember 2010 _h[electronic resource] |
| 260 |
_aLondon _bDCLG _c2010 |
||
| 490 | 0 |
_aDCLG House Price Index _vSeptember 2010 |
|
| 520 | _aUK house prices rose by 6.1% since August 2009 and fell by 0.8% since August 2010. The mix-adjusted average house price was £211 815 in September 2010 (not seasonally adjusted). UK house prices fell by 0.7% in the quarter ending September 2010 compared with a rise of 1.6% in the quarter ending June 2010 (seasonally adjusted). Annual average house prices rose by 6.5% in England, 1.4% in Scotland and 8.8% in Wales but fell in Northern Ireland by 7.6%. Annual average house prices paid by first time buyers in July 2010 were 4.6% higher than a year ago. By comparison average house prices paid by former owner occupiers were 6.7% higher. Annual average house prices paid for new properties in September 2010 were 5.6% higher than a year ago. By comparison average house prices paid on pre-owned dwellings were 6.2%. | ||
| 521 | _aAdvanced | ||
| 590 | _aKA NTK | ||
| 650 | 2 | 4 | _aDCLG HOUSE PRICE INDEX |
| 651 | 4 |
_aUnited Kingdom _y |
|
| 690 | _aPROPERTY-RESIDENTIAL PROPERTY-RESIDENTIAL PROPERTY MARKET | ||
| 856 | 4 | 0 |
_uhttps://www.communities.gov.uk/documents/statistics/pdf/1769822.pdf _zView this item free of charge at www.communities.gov.uk |
| 942 | _n0 | ||
| 999 |
_c111433 _d111433 |
||